Красный павильон. Повесть о судье Ди: пер. с англ.

Dades bibliogràfiques
Autor principal: Гулик Р. ван Роберт
Sumari:Книга "Красный павильон" - детективный роман из жизни средневекового Китая. Этот роман - следующий за романом "Убийство на улице Полумесяца". Судья Ди возвращался из столицы к месту службы. Судью вызывали в Верховный суд для уточнения подробностей скандального дела о буддийском храме. Теперь Ди стремился к семье, но надо было заехать к судье Ло, который и упросил Ди раскрыть тайну загадочных смертей в Красном павильоне на Райском острове, где находились игорные дома, гостиницы с ресторанами и жили куртизанки, танцовщицы и прочие.
Idioma:rus
Publicat: Санкт-Петербург, Амфора, 2001
Col·lecció:Детектив из жизни средневекового Китая
Matèries:
Format: MixedMaterials Llibre
KOHA link:https://koha.lib.tpu.ru/cgi-bin/koha/opac-detail.pl?biblionumber=341923

MARC

LEADER 00000nam0a2200000 4500
001 341923
005 20231102005410.0
010 |a 594278163X 
035 |a (RuTPU)RU\TPU\book\370252 
090 |a 341923 
100 |a 20181106d2001 m y0rusy50 ca 
101 1 |a rus  |c eng 
102 |a RU 
105 |a y z 000ay 
200 1 |a Красный павильон. Повесть о судье Ди  |e пер. с англ.  |f Р. ван Гулик 
210 |a Санкт-Петербург  |c Амфора  |d 2001 
215 |a 222 с. 
225 1 |a Детектив из жизни средневекового Китая 
330 |a Книга "Красный павильон" - детективный роман из жизни средневекового Китая. Этот роман - следующий за романом "Убийство на улице Полумесяца". Судья Ди возвращался из столицы к месту службы. Судью вызывали в Верховный суд для уточнения подробностей скандального дела о буддийском храме. Теперь Ди стремился к семье, но надо было заехать к судье Ло, который и упросил Ди раскрыть тайну загадочных смертей в Красном павильоне на Райском острове, где находились игорные дома, гостиницы с ресторанами и жили куртизанки, танцовщицы и прочие. 
606 1 |a Английская литература  |2 stltpush  |3 (RuTPU)RU\TPU\subj\29042  |9 52454 
610 1 |a художественная литература 
610 1 |a детективы 
610 1 |a повести 
675 |a 82  |v 4 
700 1 |a Гулик  |b Р. ван  |g Роберт 
801 1 |a RU  |b 63413507  |c 20181106 
801 2 |a RU  |b 63413507  |c 20181122  |g RCR 
942 |c BK